00369nam a2200121Ia 450000500170000000800410001708200130005810000190007124500320009026000590012230000130018150000530019420250613014110.0240331s9999 xx 000 0 und d bSIRa320 aSiriwardana, R 0aSoviyat deshaya bindavatima aColombobInternational Centre For Ethnic Studiesc1993 a184 p ., aTranslation of The collapse of the Soviet Union